Notions de paleontologie animale : suite a l'Anatomie et Physiologie animales : baccalaureats des enseignements classique et moderne ecoles nationales d'agriculture cours superieurs des jeunes filles
Αποθηκεύτηκε σε:
| Κύριος συγγραφέας: | |
|---|---|
| Μορφή: | Βιβλίο |
| Γλώσσα: | French |
| Δημοσίευση: |
Paris :
Germer Ballire et cie., Felix Alcan,
1900.
|
| Θέματα: | |
| Διαθέσιμο Online: | http://hdl.handle.net/11610/16674 |
| Ετικέτες: |
Προσθήκη ετικέτας
Δεν υπάρχουν, Καταχωρήστε ετικέτα πρώτοι!
|
MARC
| LEADER | 00000cam a2200000 i 4500 | ||
|---|---|---|---|
| 001 | 1/68554 | ||
| 008 | 150310s1900 fr ||| fre d | ||
| 035 | |l 10121379 | ||
| 040 | |a GR-MY-UA |b gre |e aacr | ||
| 041 | 0 | |a fre | |
| 082 | 0 | |a 560 |2 (23) | |
| 100 | 1 | |a Belzung, Er. |q (Ernest), |d 1859- | |
| 245 | 1 | 0 | |a Notions de paleontologie animale : |b suite a l'Anatomie et Physiologie animales : baccalaureats des enseignements classique et moderne ecoles nationales d'agriculture cours superieurs des jeunes filles / |c par Er. Belzung. |
| 260 | |a Paris : |b Germer Ballire et cie., |b Felix Alcan, |c 1900. | ||
| 300 | |a 86 σ. : |b εικ. ; |c 23 εκ. | ||
| 500 | |a Υπάρχει ψηφιακό αντίγραφο. | ||
| 505 | 0 | |a Avec 205 gravures dans le texte | |
| 650 | 0 | 0 | |a Paleontology. |
| 852 | |a INST |b SAMOS |c PORFYRIADA |e 20150310 |h 560 BEL |p 005300041941 |q 005300041941 |t NOLOAN |y 23 | ||
| 856 | |u http://hdl.handle.net/11610/16674 | ||
| 901 | |a BIBL3-2015-1 | ||
| 909 | |a Σ |b 191969 | ||
| 970 | |a ΣΙΤΖΙΜΗ |b ΓΙΑΣΕΜΗ |z 2015/03/10 | ||